000
00338nam a2200145Ia 4500
005
20251222151312.0
008
251222s9999||||xx |||||||||||||| ||spa||
020
_a
8484326101
082
_a
947.084.2/M36
100
_a
Medvedev, Zhores A.
245
0
_a
El Stalin Desconocido
250
_a
1ra. ed.
264
_b
CrÃtica
942
_c
LIB
999
_c
23399
_d
23399